000 01558nam a2200361 a 4500
001 0000321
003 DO-SdBNP
005 20180306100647.0
007 0000321
008 150130s2013 dr abc 000 0 spa d
020 _a9789945495003
040 _aBPMSU
_bspa
_cBPMSU
092 _a372.257
_bV335c, 4to. 2013
100 1 _aVásquez Güichardo, Julia Mery
245 1 0 _aCiencias de la naturaleza 4 :
_b[educación básica ] /
_cJulia Mery Vásquez Güichardo, Andrea Griselda Rincón Ozuna ; producción editorial María del Jesús de la Rosa
260 _aSanto Domingo :
_bActualidad Escolar 2000,
_c2013.
300 _a160 p. :
_bil., retrs. ;
_c28 cm.
500 _aEdición revisada y actualizada al 2013.
500 _aCuarto grado. Primer ciclo educación básica.
504 _aBibliografía p: 160
505 1 _tEstructura y función de los seres vivos --
_tOrganización de los seres vivos en su ambiente --
_tRecursos naturales, agricultura y vida --
_tConociendo el universo --
_tLa luz que nos rodea .
650 4 _aCIENCIAS NATURALES
_xENSEÑANZA BÁSICA
650 4 _aCIENCIAS NATURALES
_xEDUCACIÓN PRIMARIA
650 4 _aEDUCACIÓN PRIMARIA
_xREPÚBLICA DOMINICANA
650 4 _aCIENCIAS NATURALES
_xLIBROS DE TEXTOS
650 4 _aCIENCIAS NATURALES
_xESTUDIOS Y EJERCICIOS
700 1 2 _aRincón Ozuna, Andrea Griselda
700 1 2 _aRosa, María del Jesús de la
_eed.
910 _aValidado. Control de calidad MFF
942 _2ddc
_cBK
945 _aRemanejado para la BNPHU / 2018 VM
956 _aYLOCKWARD
_b10
999 _c9877
_d9877